00209nam a2200085Ia 4500008004100000245004200041260001600083942000700099999001700106140130s9999 xx 000 0 und d cKrovatin, ChristopheraThe Best ghost bScholastic, cBK c42289d42289